| 000 | 00668nam a22002177a 4500 | ||
|---|---|---|---|
| 999 |
_c58278 _d58278 |
||
| 005 | 20211021115618.0 | ||
| 008 | 211020s2007 enk||||| |||| 00| 0 eng d | ||
| 020 | _a9788779897403 | ||
| 041 | _aeng | ||
| 080 | _a159.922 H-88 | ||
| 100 |
_aHubbard, L. Ron _912697 |
||
| 245 |
_aDianetiks : _bThe Evolution of a Science / _cL. Ron Hubbard. |
||
| 264 |
_aLos Angeles : _bNew Era, _c2007. |
||
| 300 |
_a213 p. _b24 cm. |
||
| 440 |
_aA dianetics Publication _912672 |
||
| 653 | _aDianetik | ||
| 653 | _aდიანეტიკა | ||
| 653 | _aThe Evolution of a Science | ||
| 653 | _aმეცნიერების ევოლუცია | ||
| 942 |
_2udc _cBK |
||